The evolution of the international economic order
Tallennettuna:
| Päätekijä: | |
|---|---|
| Aineistotyyppi: | Kirja |
| Kieli: | Undetermined |
| Julkaistu: |
New Yersey
Princeton University
1977
|
| Aiheet: | |
| Tagit: |
Lisää tagi
Ei tageja, Lisää ensimmäinen tagi!
|
| Thư viện lưu trữ: | Trung tâm Học liệu Trường Đại học Cần Thơ |
|---|
| LEADER | 00510nam a2200181Ia 4500 | ||
|---|---|---|---|
| 001 | CTU_81792 | ||
| 008 | 210402s9999 xx 000 0 und d | ||
| 082 | |a 382.1 | ||
| 082 | |b L673 | ||
| 100 | |a Lewis, W. Authur | ||
| 245 | 4 | |a The evolution of the international economic order | |
| 245 | 0 | |c W. Authur Lewis | |
| 260 | |a New Yersey | ||
| 260 | |b Princeton University | ||
| 260 | |c 1977 | ||
| 650 | |a Internation economic | ||
| 904 | |i Trọng Hải | ||
| 980 | |a Trung tâm Học liệu Trường Đại học Cần Thơ | ||